|
|
|
|
| LEADER |
00000nam a2200000 a 4500 |
| 001 |
vtls008829916 |
| 003 |
SK-MaSNL |
| 005 |
20260301021929.0 |
| 008 |
240318 000 0 eng |
| 040 |
|
|
|a SNK
|b slo
|c SNK
|e AACR2
|
| 100 |
1 |
|
|a Hispano, Alphonso Bonohomine
|4 aut
|9 311703
|
| 245 |
1 |
0 |
|a Rabbi Samuelis Tractatus, Indicans errorem judaeorum
|b circa observantiam legis Mosaicae, & venturum Messiam, quem expectant
|
| 260 |
|
|
|a Tyrnavia
|b Typis Academicis Societ. Jesu
|c 1751
|
| 300 |
|
|
|a 86 s.
|
| 999 |
|
|
|c 566420
|d 568350
|
| 952 |
|
|
|a SNK
|b SNK
|y PREZ
|7 0
|p 17X08829916001
|o snkSD 14324
|i snk95939/57
|3 rekatalogizácia
|0 0
|1 0
|4 0
|d 2006-07-11
|l 0
|r 2026-02-23 13:58:44
|w 2026-02-23
|